[Event "Aeroflot Open 2006"]
[Site "Moscu RUS"]
[Date "2006.02.15"]
[Round "8.17"]
[White "Kosteniuk, Alexandra"]
[Black "Kempinski, Robert"]
[Result "1-0"]
[WhiteElo "2514"]
[BlackElo "2619"]
[PlyCount "71"]
[EventDate "2006.02.08"]
[EventType "swiss"]
[EventRounds "9"]
[EventCountry "RUS"]
[Source "lmi"]
[SourceDate "2006.02.18"]

1. e4 c5 2. Nf3 a6 3. c3 d5 4. exd5 Qxd5 5. d4 e6 6. Be2 Nf6 7. O-O Nc6 8. Be3
cxd4 9. cxd4 Be7 10. Nc3 Qd8 11. Ne5 Bd7 12. a3 O-O 13. Rc1 Rc8 14. Bd3 Bd6 15.
f4 Ne7 16. Ne4 Ned5 17. Nxf6+ Nxf6 18. Rf3 Rxc1 19. Bxc1 Qb6 20. Be3 Rc8 21.
Qb1 Bb5 22. Bc2 Qc7 23. Bb3 Nd5 24. Rh3 g6 25. Bxd5 exd5 26. Qe1 Qc2 27. Ng4
Qxb2 28. Nf6+ Kg7 29. Rxh7+ Kxf6 30. Qh4+ Ke6 31. Qg4+ Ke7 32. Qxc8 Qe2 33. Qc1
Bd3 34. f5 Bxf5 35. Bg5+ Kf8 36. Bf6 1-0

[Event "Aeroflot Open 2006"]
[Site "Moscu RUS"]
[Date "2006.02.15"]
[Round "8.18"]
[White "Dyachkov, Sergej"]
[Black "Galkin, Alexander"]
[Result "1/2-1/2"]
[WhiteElo "2554"]
[BlackElo "2616"]
[PlyCount "30"]
[EventDate "2006.02.08"]
[EventType "swiss"]
[EventRounds "9"]
[EventCountry "RUS"]
[Source "lmi"]
[SourceDate "2006.02.18"]

1. c4 e6 2. g3 d5 3. Bg2 dxc4 4. Qa4+ c6 5. Qxc4 b5 6. Qc2 Bb7 7. a4 a6 8. axb5
axb5 9. Rxa8 Bxa8 10. Nf3 Nf6 11. O-O Be7 12. d4 O-O 13. Nbd2 c5 14. dxc5 Na6
15. Ne5 Bxc5 1/2-1/2

[Event "Aeroflot Open 2006"]
[Site "Moscu RUS"]
[Date "2006.02.15"]
[Round "8.19"]
[White "Guliyev, Namig"]
[Black "Korotylev, Alexey"]
[Result "0-1"]
[WhiteElo "2588"]
[BlackElo "2609"]
[PlyCount "114"]
[EventDate "2006.02.08"]
[EventType "swiss"]
[EventRounds "9"]
[EventCountry "RUS"]
[Source "lmi"]
[SourceDate "2006.02.18"]

1. e4 c5 2. Nf3 Nc6 3. d4 cxd4 4. Nxd4 Nf6 5. Nc3 d6 6. Be2 e5 7. Nf3 h6 8. O-O
Be7 9. Re1 O-O 10. h3 Be6 11. Bf1 Nb8 12. a4 Nbd7 13. a5 a6 14. Nd5 Nxd5 15.
exd5 Bf5 16. c4 Bg6 17. b4 Re8 18. Bb2 e4 19. Nd2 Bg5 20. Ra3 Rc8 21. Bd4 Ne5
22. Nxe4 Nxc4 23. Rc3 Rxe4 24. Rxc4 Rxc4 25. Bxc4 Qe7 26. Kf1 Bf6 27. Bxf6 Qxf6
28. Rxe4 Bxe4 29. f3 Qc3 30. Be2 Bg6 31. Qa4 Kh7 32. b5 Bd3 33. bxa6 bxa6 34.
Qd1 Bxe2+ 35. Qxe2 Qxa5 36. Qe4+ g6 37. h4 Qa1+ 38. Kf2 Qb2+ 39. Kg1 Kg7 40.
Qa4 Qe2 41. Kh2 h5 42. Kh3 Qd3 43. Qc6 Qf5+ 44. Kh2 Qe5+ 45. Kh3 a5 46. Qb5 Qc3
47. Qb8 Qb4 48. Qa8 a4 49. g4 Qf4 50. gxh5 Qxf3+ 51. Kh2 Qf4+ 52. Kh3 gxh5 53.
Qc6 Qg4+ 54. Kh2 Qxh4+ 55. Kg2 Qg4+ 56. Kf2 Qf4+ 57. Kg2 h4 0-1

[Event "Aeroflot Open 2006"]
[Site "Moscu RUS"]
[Date "2006.02.15"]
[Round "8.20"]
[White "Fedorov, Alexei"]
[Black "Predojevic, Borki"]
[Result "1-0"]
[WhiteElo "2608"]
[BlackElo "2553"]
[PlyCount "111"]
[EventDate "2006.02.08"]
[EventType "swiss"]
[EventRounds "9"]
[EventCountry "RUS"]
[Source "lmi"]
[SourceDate "2006.02.18"]

1. e4 c5 2. Nf3 e6 3. d4 cxd4 4. Nxd4 a6 5. Nc3 b5 6. Bd3 d6 7. O-O Nf6 8. a4
b4 9. Na2 e5 10. Nb3 Nc6 11. Bd2 Qb6 12. a5 Qb7 13. Bg5 Be7 14. Bxf6 Bxf6 15.
Bc4 Qc7 16. c3 O-O 17. Bd5 bxc3 18. Rc1 Bb7 19. Rxc3 Qd7 20. Rc4 Rac8 21. Nc3
Ne7 22. Nc5 Rxc5 23. Rxc5 Nxd5 24. Nxd5 Bd8 25. Rc4 f5 26. Rb4 Kh8 27. Qb3 Bc6
28. exf5 Qxf5 29. Qc4 Qd7 30. Rb8 Bb5 31. Qc8 Qe8 32. Rc1 h6 33. Qb7 Qg6 34.
Qa8 Qg5 35. Ne3 Qh4 36. Rc2 Bd3 37. Rd2 e4 38. g3 Qg5 39. Qd5 Qe7 40. Rc8 Qd7
41. Qa8 d5 42. Nxd5 Bb5 43. Rdc2 Bd3 44. Rc1 Kh7 45. Qc6 Qh3 46. Qc5 e3 47.
Qxf8 e2 48. Ne3 Qxc8 49. Rxc8 e1=Q+ 50. Kg2 Be4+ 51. Kh3 Qe2 52. Qxd8 Bf5+ 53.
Nxf5 Qf1+ 54. Kg4 Qe2+ 55. f3 h5+ 56. Kg5 1-0

[Event "Aeroflot Open 2006"]
[Site "Moscu RUS"]
[Date "2006.02.15"]
[Round "8.21"]
[White "Sandipan, Chanda"]
[Black "Areshchenko, Alexander"]
[Result "0-1"]
[WhiteElo "2522"]
[BlackElo "2670"]
[PlyCount "100"]
[EventDate "2006.02.08"]
[EventType "swiss"]
[EventRounds "9"]
[EventCountry "RUS"]
[Source "lmi"]
[SourceDate "2006.02.18"]

1. e4 c5 2. Nf3 d6 3. d4 cxd4 4. Nxd4 Nf6 5. Nc3 a6 6. Be3 e5 7. Nb3 Be6 8. f3
Be7 9. Qd2 O-O 10. O-O-O Nbd7 11. g4 b5 12. g5 Nh5 13. Rg1 Nb6 14. Qf2 Nc4 15.
Bxc4 bxc4 16. Nc5 Qc7 17. N5a4 Rab8 18. Nb6 Nf4 19. Ncd5 Bxd5 20. Nxd5 Nxd5 21.
Rxd5 c3 22. b3 f5 23. gxf6 Rxf6 24. Qe2 Rbf8 25. Rf1 h6 26. Kb1 Qc8 27. Bb6 Qh3
28. Rd3 d5 29. Bc7 dxe4 30. Rxc3 Rxf3 31. Rcxf3 exf3 32. Qc4+ Kh7 33. Bxe5 Qf5
34. Qd3 Qxd3 35. cxd3 g5 36. d4 g4 37. Kc2 Kg6 38. Kd3 Kf5 39. Rb1 a5 40. Bc7
h5 41. Rc1 Ke6 42. Be5 Kd5 43. Rg1 Bg5 44. a3 h4 45. b4 axb4 46. axb4 Bf4 47.
Bxf4 Rxf4 48. Ke3 Re4+ 49. Kf2 Re2+ 50. Kf1 g3 0-1

[Event "Aeroflot Open 2006"]
[Site "Moscu RUS"]
[Date "2006.02.15"]
[Round "8.22"]
[White "Efimenko, Zahar"]
[Black "Huzman, Alexander"]
[Result "1-0"]
[WhiteElo "2666"]
[BlackElo "2573"]
[PlyCount "89"]
[EventDate "2006.02.08"]
[EventType "swiss"]
[EventRounds "9"]
[EventCountry "RUS"]
[Source "lmi"]
[SourceDate "2006.02.18"]

1. e4 e5 2. Bc4 Nf6 3. d3 c6 4. Nf3 d5 5. Bb3 Bd6 6. exd5 Nxd5 7. O-O O-O 8.
Re1 Re8 9. Nbd2 Bc7 10. Ne4 Bf5 11. Bg5 f6 12. Bd2 Nd7 13. Nh4 Be6 14. Qh5 a5
15. a3 Nf4 16. Bxe6+ Nxe6 17. Re3 Nf4 18. Qg4 Nf8 19. g3 N4e6 20. Nf5 Kh8 21.
Rf3 Qd7 22. c3 Red8 23. h4 Qf7 24. h5 Rd7 25. Nh4 Rad8 26. h6 Rxd3 27. Be3 Nd7
28. hxg7+ Nxg7 29. Kg2 h5 30. Qg6 Qxg6 31. Nxg6+ Kh7 32. Nh4 Rf8 33. Rh1 Bd8
34. Nf5 Nxf5 35. Rxf5 Kg6 36. Rfxh5 Rg8 37. Rh7 Rg7 38. Rh8 Be7 39. g4 Kf7 40.
Kf3 Nf8 41. Ng3 Rd7 42. Nf5 Rg6 43. b4 axb4 44. axb4 Rd8 45. R8h7+ 1-0

[Event "Aeroflot Open 2006"]
[Site "Moscu RUS"]
[Date "2006.02.15"]
[Round "8.23"]
[White "Khairullin, Ildar"]
[Black "Khalifman, Alexander"]
[Result "1/2-1/2"]
[WhiteElo "2533"]
[BlackElo "2660"]
[PlyCount "49"]
[EventDate "2006.02.08"]
[EventType "swiss"]
[EventRounds "9"]
[EventCountry "RUS"]
[Source "lmi"]
[SourceDate "2006.02.18"]

1. e4 e5 2. Nf3 Nc6 3. Bb5 a6 4. Ba4 Nf6 5. O-O b5 6. Bb3 Bb7 7. d3 Be7 8. Nc3
O-O 9. Bd2 d6 10. Nd5 Nxd5 11. Bxd5 Rb8 12. c3 Bf6 13. a4 Ne7 14. Bxb7 Rxb7 15.
axb5 axb5 16. d4 Ng6 17. Be3 b4 18. d5 bxc3 19. bxc3 Nh4 20. Nxh4 Bxh4 21. Rb1
Rxb1 22. Qxb1 Bg5 23. Bxg5 Qxg5 24. Qb7 Qd8 25. Ra1 1/2-1/2

[Event "Aeroflot Open 2006"]
[Site "Moscu RUS"]
[Date "2006.02.15"]
[Round "8.24"]
[White "Volkov, Sergey"]
[Black "Savchenko, Boris"]
[Result "1-0"]
[WhiteElo "2629"]
[BlackElo "2569"]
[PlyCount "73"]
[EventDate "2006.02.08"]
[EventType "swiss"]
[EventRounds "9"]
[EventCountry "RUS"]
[Source "lmi"]
[SourceDate "2006.02.18"]

1. d4 Nc6 2. d5 Ne5 3. e4 e6 4. dxe6 fxe6 5. Nc3 b6 6. Nf3 Nxf3+ 7. Qxf3 Bb7 8.
Qh5+ g6 9. Qe5 Nf6 10. Bb5 c6 11. Be2 Qe7 12. Qg3 e5 13. f4 exf4 14. Bxf4 Nxe4
15. Nxe4 Qxe4 16. O-O-O O-O-O 17. Bg4 h5 18. Bb8 Bh6+ 19. Kb1 Bf4 20. Bxf4 hxg4
21. Rhe1 Qf5 22. Bb8 d6 23. Bxa7 Qa5 24. Qxg4+ Rd7 25. Qd4 Qh5 26. Bxb6 Qxh2
27. Qe4 Kb8 28. Qxg6 Bc8 29. Bg1 Qh6 30. Qe4 c5 31. g4 Qh1 32. Qf4 Qh6 33. g5
Qh4 34. Be3 Kc7 35. g6 Bb7 36. g7 Qxf4 37. gxh8=Q 1-0

[Event "Aeroflot Open 2006"]
[Site "Moscu RUS"]
[Date "2006.02.15"]
[Round "8.25"]
[White "Smirnov, Pavel"]
[Black "Kosintseva, Tatiana"]
[Result "1-0"]
[WhiteElo "2614"]
[BlackElo "2479"]
[PlyCount "63"]
[EventDate "2006.02.08"]
[EventType "swiss"]
[EventRounds "9"]
[EventCountry "RUS"]
[Source "lmi"]
[SourceDate "2006.02.18"]

1. e4 c5 2. Nf3 Nc6 3. d4 cxd4 4. Nxd4 Nf6 5. Nc3 e5 6. Ndb5 d6 7. Bg5 a6 8.
Na3 b5 9. Bxf6 gxf6 10. Nd5 Bg7 11. Bd3 Ne7 12. Nxe7 Qxe7 13. c4 f5 14. O-O O-O
15. Qh5 Rb8 16. exf5 e4 17. Rae1 Bb7 18. Qg4 Rfe8 19. cxb5 d5 20. bxa6 Bc6 21.
a7 Rxb2 22. Rc1 Bd7 23. Bb5 h5 24. Qd1 Qxa3 25. Bxd7 Rd8 26. Ba4 d4 27. Rc7 Qd6
28. Qc1 Rb1 29. Qc4 Rxf1+ 30. Kxf1 Qf8 31. Bb3 Kh8 32. Qxf7 1-0

[Event "Aeroflot Open 2006"]
[Site "Moscu RUS"]
[Date "2006.02.15"]
[Round "8.26"]
[White "Landa, Konstantin"]
[Black "Yevseev, Denis"]
[Result "1/2-1/2"]
[WhiteElo "2597"]
[BlackElo "2557"]
[PlyCount "136"]
[EventDate "2006.02.08"]
[EventType "swiss"]
[EventRounds "9"]
[EventCountry "RUS"]
[Source "lmi"]
[SourceDate "2006.02.18"]

1. e4 c6 2. d4 d5 3. Nc3 dxe4 4. Nxe4 Bf5 5. Ng3 Bg6 6. h4 h6 7. Nf3 Nd7 8. h5
Bh7 9. Bd3 Bxd3 10. Qxd3 e6 11. Bf4 Qa5+ 12. Bd2 Qc7 13. O-O-O O-O-O 14. Ne4
Ngf6 15. g3 Nxe4 16. Qxe4 Bd6 17. c4 c5 18. d5 Nf6 19. Qc2 exd5 20. cxd5 Rhe8
21. Bc3 Qd7 22. Bxf6 gxf6 23. Kb1 Qg4 24. Nd4 Re5 25. Nb5 Kb8 26. Rh4 Qf3 27.
Qd3 Qxd3+ 28. Rxd3 Re1+ 29. Kc2 Re2+ 30. Rd2 Rxd2+ 31. Kxd2 Be5 32. Nc3 Kc7 33.
Re4 Kd6 34. Kd3 a6 35. a4 f5 36. Re2 Rg8 37. Kc4 Bf6 38. Nd1 f4 39. gxf4 Rg4
40. Re4 Rh4 41. Ne3 Rxh5 42. Re8 Rh4 43. Nf5+ Kd7 44. Re4 Rh1 45. Kxc5 h5 46.
Rb4 Rc1+ 47. Kb6 h4 48. Rb3 Rc4 49. Ka7 b5 50. a5 Rxf4 51. Nh6 Bd4+ 52. Kb7
Rxf2 53. Rh3 Rf4 54. b4 Bf2 55. Rc3 Bg3 56. Rc7+ Ke8 57. d6 Rf6 58. Nxf7 Bxd6
59. Nxd6+ Rxd6 60. Rc8+ Rd8 61. Rc5 Rd7+ 62. Kxa6 Rh7 63. Re5+ Kd7 64. Rxb5 Kc8
65. Rc5+ Kb8 66. b5 Ra7+ 67. Kb6 Rb7+ 68. Ka6 Ra7+ 1/2-1/2

[Event "Aeroflot Open 2006"]
[Site "Moscu RUS"]
[Date "2006.02.15"]
[Round "8.28"]
[White "Azarov, Sergei"]
[Black "Kuzubov, Yuriy"]
[Result "0-1"]
[WhiteElo "2581"]
[BlackElo "2544"]
[PlyCount "80"]
[EventDate "2006.02.08"]
[EventType "swiss"]
[EventRounds "9"]
[EventCountry "RUS"]
[Source "lmi"]
[SourceDate "2006.02.18"]

1. e4 c5 2. Nf3 d6 3. d4 cxd4 4. Nxd4 Nf6 5. Nc3 a6 6. Bg5 e6 7. f4 Nbd7 8. Qf3
Qc7 9. O-O-O b5 10. Bd3 Bb7 11. Rhe1 Qb6 12. Nb3 b4 13. Ne2 Be7 14. Kb1 Rc8 15.
Ned4 Nc5 16. Qe3 O-O 17. Nxc5 Qxc5 18. Qh3 g6 19. Nb3 Qc7 20. Qh4 Kg7 21. Bh6+
Kg8 22. Bg5 Kg7 23. Bh6+ Kg8 24. Bxf8 Rxf8 25. Qf2 a5 26. Nd4 Qc5 27. e5 Nd5
28. Be4 a4 29. Bxd5 Bxd5 30. Qd2 Rd8 31. exd6 Rxd6 32. Qe2 Bf6 33. Nf3 a3 34.
Ne5 axb2 35. Rd3 Qa5 36. Kxb2 Bc4 37. Kc1 Bxd3 38. cxd3 b3 39. axb3 Qc3+ 40.
Kb1 Ra6 0-1

[Event "Aeroflot Open 2006"]
[Site "Moscu RUS"]
[Date "2006.02.15"]
[Round "8.29"]
[White "Shchekachev, Andrei"]
[Black "Al-Modiahki, Mohamad"]
[Result "1-0"]
[WhiteElo "2570"]
[BlackElo "2579"]
[PlyCount "135"]
[EventDate "2006.02.08"]
[EventType "swiss"]
[EventRounds "9"]
[EventCountry "RUS"]
[Source "lmi"]
[SourceDate "2006.02.18"]

1. Nf3 d5 2. c4 c6 3. d4 Nf6 4. Nc3 dxc4 5. a4 Bf5 6. e3 e6 7. Bxc4 Bb4 8. O-O
Nbd7 9. Qe2 Bg6 10. e4 O-O 11. Bd3 a6 12. Bf4 Rc8 13. Rfd1 Qa5 14. h3 Rfe8 15.
Nd2 Nh5 16. Bh2 Qg5 17. Nf3 Qh6 18. Bc2 Ba5 19. Ne5 Red8 20. Nxg6 hxg6 21. Qf3
g5 22. e5 Nf8 23. Ne4 Bc7 24. g4 Nf4 25. Nxg5 f6 26. Bxf4 fxg5 27. Bc1 Ng6 28.
Qe4 Ne7 29. Ra3 Rf8 30. Rdd3 Nd5 31. Rf3 Nf4 32. Rab3 Rb8 33. Kf1 Bd8 34. Bxf4
gxf4 35. Qg6 Be7 36. h4 Qxg6 37. Bxg6 a5 38. g5 Bb4 39. Rbd3 Rbd8 40. Kg2 Rd7
41. Kh3 b6 42. Kg4 Rfd8 43. Rxf4 c5 44. b3 cxd4 45. Re4 Bc5 46. f4 Re7 47. h5
Rf8 48. Re2 Rd8 49. Rc2 Red7 50. Be4 Kf7 51. Bc6 Rc7 52. Bb5 Ke7 53. Bc4 Rcc8
54. Rh2 Rh8 55. Rf3 Rcf8 56. Rhh3 Bb4 57. f5 exf5+ 58. Rxf5 Bd2 59. Rhf3 Rxf5
60. Rxf5 Rf8 61. Rxf8 Kxf8 62. Kf5 Be3 63. e6 Bd2 64. Kg6 Bf4 65. Bd3 Bd2 66.
h6 gxh6 67. gxh6 Bf4 68. Kf6 1-0

[Event "Aeroflot Open 2006"]
[Site "Moscu RUS"]
[Date "2006.02.16"]
[Round "9.2"]
[White "Georgiev, Kiril"]
[Black "Sasikiran, Krishnan"]
[Result "0-1"]
[WhiteElo "2645"]
[BlackElo "2670"]
[PlyCount "124"]
[EventDate "2006.02.08"]
[EventType "swiss"]
[EventRounds "9"]
[EventCountry "RUS"]
[Source "lmi"]
[SourceDate "2006.02.18"]

1. d4 Nf6 2. c4 g6 3. Nf3 Bg7 4. g3 O-O 5. Bg2 c6 6. Nc3 d5 7. cxd5 cxd5 8. Ne5
e6 9. O-O Nfd7 10. f4 Nc6 11. b3 Ndxe5 12. dxe5 f6 13. exf6 Bxf6 14. Bb2 b5 15.
Kh1 Bb7 16. Qd2 Qa5 17. Rfd1 Rad8 18. e3 Qb6 19. Rac1 Bg7 20. Qe1 Rf7 21. Rd2
Ne7 22. e4 d4 23. Ne2 e5 24. fxe5 Bxe5 25. Rcd1 Nc6 26. Qg1 Qa5 27. Nc1 Bg7 28.
Rf2 Re7 29. Qf1 Ba6 30. Rc2 b4 31. Qg1 Bb5 32. Rc5 Qb6 33. Rd5 Rf8 34. a4 Ba6
35. Nd3 Bxd3 36. Rxd3 Ref7 37. e5 Qa6 38. Rb5 Nxe5 39. Rd1 Nf3 40. Qf1 Qe6 41.
Rxb4 g5 42. Bxf3 Rxf3 43. Qc4 Qxc4 44. Rxc4 Rxb3 45. Bxd4 Rd8 46. Kg2 a5 47.
Rd2 Rb4 48. Rxb4 axb4 49. Bc3 Rxd2+ 50. Bxd2 b3 51. Bc1 b2 52. Bxb2 Bxb2 53.
Kf3 Kf7 54. a5 Ba3 55. h3 Bc5 56. a6 Ba7 57. h4 h6 58. hxg5 hxg5 59. Kg4 Kg6
60. Kf3 Kf5 61. Kg2 Kg4 62. Kh1 Kh3 0-1

[Event "Aeroflot Open 2006"]
[Site "Moscu RUS"]
[Date "2006.02.16"]
[Round "9.4"]
[White "Naiditsch, Arkadij"]
[Black "Jakovenko, Dmitry"]
[Result "1/2-1/2"]
[WhiteElo "2657"]
[BlackElo "2662"]
[PlyCount "81"]
[EventDate "2006.02.08"]
[EventType "swiss"]
[EventRounds "9"]
[EventCountry "RUS"]
[Source "lmi"]
[SourceDate "2006.02.18"]

1. e4 e5 2. Nf3 Nc6 3. Bb5 a6 4. Ba4 Nf6 5. O-O Be7 6. Re1 b5 7. Bb3 d6 8. c3
O-O 9. d4 Bg4 10. d5 Na5 11. Bc2 Qc8 12. h3 Bd7 13. Nbd2 c6 14. dxc6 Qxc6 15.
Nf1 Nc4 16. Ng3 Rfe8 17. a4 g6 18. b3 Na5 19. Bd2 Qc7 20. axb5 axb5 21. Nf1 Bc6
22. Ra2 Nb7 23. Rxa8 Rxa8 24. b4 Nd8 25. Bg5 Ra3 26. Bxf6 Bxf6 27. Bb3 Kg7 28.
N3d2 Bg5 29. Ne3 Ra7 30. Nf3 Bxe3 31. Rxe3 Bd7 32. Kh2 Be6 33. Bd5 Ra3 34. Rd3
Rxc3 35. Rxc3 Qxc3 36. Bxe6 Nxe6 37. Qxd6 Kf6 38. Qd5 Qxb4 39. Nxe5 Qd4 40.
Ng4+ Kg7 41. Qxb5 1/2-1/2

[Event "Aeroflot Open 2006"]
[Site "Moscu RUS"]
[Date "2006.02.16"]
[Round "9.6"]
[White "Kazhgaleyev, Murtas"]
[Black "Akopian, Vladimir"]
[Result "0-1"]
[WhiteElo "2607"]
[BlackElo "2704"]
[PlyCount "118"]
[EventDate "2006.02.08"]
[EventType "swiss"]
[EventRounds "9"]
[EventCountry "RUS"]
[Source "lmi"]
[SourceDate "2006.02.18"]

1. d4 Nf6 2. c4 d6 3. Nc3 Nbd7 4. e4 e5 5. d5 Nc5 6. f3 a5 7. Be3 Be7 8. Qd2 h6
9. O-O-O O-O 10. h4 Ne8 11. g3 f5 12. exf5 Bxf5 13. g4 Bg6 14. g5 h5 15. Bxc5
dxc5 16. Bd3 Bxd3 17. Qxd3 Rf4 18. Nce2 Rxh4 19. Rxh4 Bxg5+ 20. f4 Bxh4 21. Nf3
exf4 22. Rh1 Bg5 23. Qg6 Bh6 24. Qe6+ Kh8 25. Rxh5 Ra6 26. Qe5 Rf6 27. Ng5 Kg8
28. Nxf4 Nd6 29. Nfe6 Rf1+ 30. Kc2 Qe8 31. Rh2 Nxc4 32. Qxc7 Ne3+ 33. Kd3 Nxd5
34. Qxb7 Nb4+ 35. Ke2 Rf5 36. Qe4 Qb5+ 37. Kd2 Rd5+ 38. Ke3 Rxg5 39. Nxg5 Bxg5+
40. Kf3 Qd7 41. Kg2 Nd5 42. Kh1 Ne3 43. Qh7+ Kf7 44. Rf2+ Bf6 45. Qh5+ Kg8 46.
Qf3 Qd4 47. Qa8+ Kf7 48. Qf3 Kg6 49. Rh2 Qd1+ 50. Qxd1 Nxd1 51. b3 Kf5 52. Kg2
Ke4 53. Kf1 Kd3 54. Ke1 Ne3 55. Rd2+ Kc3 56. Ke2 Bd4 57. Rd3+ Kb2 58. Rd2+ Ka3
59. Kd3 g5 0-1

[Event "Aeroflot Open 2006"]
[Site "Moscu RUS"]
[Date "2006.02.16"]
[Round "9.8"]
[White "Yakovich, Yuri"]
[Black "Najer, Evgeniy"]
[Result "1/2-1/2"]
[WhiteElo "2551"]
[BlackElo "2652"]
[PlyCount "97"]
[EventDate "2006.02.08"]
[EventType "swiss"]
[EventRounds "9"]
[EventCountry "RUS"]
[Source "lmi"]
[SourceDate "2006.02.18"]

1. c4 e5 2. g3 Nc6 3. Nc3 g6 4. Bg2 Bg7 5. Rb1 a5 6. a3 Nf6 7. b4 axb4 8. axb4
O-O 9. d3 h6 10. Nf3 d6 11. b5 Ne7 12. O-O Be6 13. Bb2 Nd7 14. Ra1 c6 15. Qc2
Qc7 16. Nd2 d5 17. bxc6 bxc6 18. Ba3 Rfe8 19. Bxe7 Rxa1 20. Rxa1 Rxe7 21. cxd5
cxd5 22. Ra2 Nf6 23. Rb2 e4 24. dxe4 Ng4 25. Nxd5 Bxd5 26. Qxc7 Rxc7 27. Rb8+
Kh7 28. exd5 Rc2 29. Nf1 Bd4 30. e3 Be5 31. Rb7 Kg7 32. f4 Nxe3 33. Nxe3 Bd4
34. Rb3 Re2 35. Kf1 Rxe3 36. Rxe3 Bxe3 37. d6 Kf8 38. d7 Ke7 39. Bc6 Bb6 40.
Kg2 Bc5 41. Kf3 Bg1 42. Bb5 Kd8 43. h3 Ke7 44. Ke4 Bf2 45. g4 Bb6 46. Ba4 g5
47. f5 f6 48. Kd5 Bc7 49. Ke4 1/2-1/2

[Event "Aeroflot Open 2006"]
[Site "Moscu RUS"]
[Date "2006.02.16"]
[Round "9.9"]
[White "Sedlak, Nikola"]
[Black "Asrian, Karen"]
[Result "1/2-1/2"]
[WhiteElo "2518"]
[BlackElo "2646"]
[PlyCount "138"]
[EventDate "2006.02.08"]
[EventType "swiss"]
[EventRounds "9"]
[EventCountry "RUS"]
[Source "lmi"]
[SourceDate "2006.02.18"]

1. e4 c6 2. d4 d5 3. e5 Bf5 4. Be3 e6 5. Nd2 Nd7 6. Be2 Qb6 7. Nb3 a5 8. a4
Bb4+ 9. c3 Be7 10. Nf3 Bg6 11. O-O Nh6 12. h3 Nf5 13. Bd2 O-O 14. Re1 Nh4 15.
Nxh4 Bxh4 16. c4 dxc4 17. Bxc4 Be7 18. Bc3 Rfd8 19. Qd2 Bb4 20. Bxb4 Qxb4 21.
Qxb4 axb4 22. Rec1 Kf8 23. f3 b6 24. Be2 c5 25. dxc5 Nxc5 26. Nxc5 bxc5 27. Bb5
Rd2 28. b3 Rb2 29. Rxc5 Rxb3 30. a5 f6 31. a6 Rb1+ 32. Rxb1 Bxb1 33. Bc4 fxe5
34. Rb5 e4 35. Rb7 Bd3 36. a7 Rxa7 37. Rxa7 Bxc4 38. fxe4 Bd3 39. Rb7 Bxe4 40.
Rxb4 Bd5 41. Kf2 Kf7 42. Rf4+ Kg6 43. Rg4+ Kf6 44. Rh4 h6 45. Rf4+ Ke7 46. g3
g5 47. Rb4 Kf6 48. Rb2 Be4 49. Ke3 Bf5 50. Rf2 Ke5 51. g4 Bg6 52. Rg2 Bf7 53.
Ra2 Bg6 54. Ra5+ Kf6 55. Kd4 Bc2 56. Ra2 e5+ 57. Kc5 Bd3 58. Rf2+ Kg7 59. Kd5
e4 60. Kd4 Kg6 61. Rf5 Kg7 62. Ke3 Kg6 63. Rc5 Bf1 64. Kxe4 Bxh3 65. Rc6+ Kg7
66. Kf5 h5 67. Rc7+ Kf8 68. Kxg5 Bxg4 69. Kf6 Ke8 1/2-1/2

[Event "Aeroflot Open 2006"]
[Site "Moscu RUS"]
[Date "2006.02.16"]
[Round "9.10"]
[White "Korotylev, Alexey"]
[Black "Fedorov, Alexei"]
[Result "1/2-1/2"]
[WhiteElo "2609"]
[BlackElo "2608"]
[PlyCount "26"]
[EventDate "2006.02.08"]
[EventType "swiss"]
[EventRounds "9"]
[EventCountry "RUS"]
[Source "lmi"]
[SourceDate "2006.02.18"]

1. d4 Nf6 2. c4 g6 3. Nc3 Bg7 4. e4 d6 5. f3 O-O 6. Nge2 a6 7. Bg5 Nc6 8. Qd2
Rb8 9. Rc1 h5 10. b3 Nh7 11. Be3 e5 12. d5 Ne7 13. g3 f5 1/2-1/2

[Event "Aeroflot Open 2006"]
[Site "Moscu RUS"]
[Date "2006.02.16"]
[Round "9.13"]
[White "Areshchenko, Alexander"]
[Black "Smirnov, Pavel"]
[Result "1/2-1/2"]
[WhiteElo "2670"]
[BlackElo "2614"]
[PlyCount "168"]
[EventDate "2006.02.08"]
[EventType "swiss"]
[EventRounds "9"]
[EventCountry "RUS"]
[Source "lmi"]
[SourceDate "2006.02.18"]

1. e4 c5 2. Nf3 Nc6 3. d4 cxd4 4. Nxd4 Nf6 5. Nc3 e5 6. Ndb5 d6 7. Bg5 a6 8.
Na3 b5 9. Bxf6 gxf6 10. Nd5 f5 11. c3 Bg7 12. Bd3 Be6 13. Qh5 O-O 14. O-O f4
15. g4 h6 16. Nc2 Rb8 17. Rfd1 a5 18. a3 Ne7 19. Ne1 Nxd5 20. exd5 Bxd5 21.
Bh7+ Kxh7 22. Qf5+ Kg8 23. Rxd5 Qe7 24. Rad1 Rb6 25. Nf3 Rd8 26. Nd2 Bf8 27.
Ne4 Kg7 28. R1d3 Qe6 29. Rxe5 Qxe5 30. Qxe5+ dxe5 31. Rxd8 Rg6 32. Rd5 f5 33.
Nd2 b4 34. Rxe5 bxc3 35. bxc3 fxg4 36. Rxa5 f3 37. Ra7+ Kg8 38. h3 Re6 39. hxg4
Re1+ 40. Nf1 Rc1 41. Rd7 Rxc3 42. Kh2 Rxa3 43. Kg3 Ra5 44. Ne3 Ba3 45. Nd5 Bc1
46. Kxf3 Ra4 47. Kg3 Kf8 48. Nf6 Bf4+ 49. Kf3 Bg5 50. Ne4 Ra3+ 51. Kg2 Ra4 52.
f3 Bf4 53. Nc3 Ra3 54. Ne2 Ra2 55. Kf1 Ra3 56. Kf2 Be3+ 57. Kg3 Ra2 58. Nc3 Ra1
59. f4 Ra3 60. Nd5 Bc1+ 61. Kh4 Rd3 62. f5 Bg5+ 63. Kh5 Rd4 64. Kg6 Rxg4 65. f6
Bc1+ 66. Kf5 Rg1 67. Nc7 Rf1+ 68. Kg6 Rg1+ 69. Kh7 Re1 70. Nb5 Rf1 71. Rd8+ Kf7
72. Nd6+ Ke6 73. f7 Rxf7+ 74. Nxf7 Kxf7 75. Rd1 Bg5 76. Rf1+ Ke6 77. Kg6 Ke5
78. Ra1 Ke4 79. Ra4+ Ke5 80. Ra5+ Ke4 81. Kf7 Kf4 82. Ke6 Kg4 83. Ra1 Bf4 84.
Rg1+ Bg3 1/2-1/2

[Event "Aeroflot Open 2006"]
[Site "Moscu RUS"]
[Date "2006.02.16"]
[Round "9.14"]
[White "Popov, Valerij"]
[Black "Efimenko, Zahar"]
[Result "0-1"]
[WhiteElo "2592"]
[BlackElo "2666"]
[PlyCount "74"]
[EventDate "2006.02.08"]
[EventType "swiss"]
[EventRounds "9"]
[EventCountry "RUS"]
[Source "lmi"]
[SourceDate "2006.02.18"]

1. Nf3 c5 2. c4 Nc6 3. d4 cxd4 4. Nxd4 e6 5. Nc3 Bb4 6. Qd3 Nf6 7. a3 Bc5 8. e3
O-O 9. Be2 Ne5 10. Qc2 b6 11. b4 Be7 12. f4 Ng6 13. h4 h5 14. Bd3 Bb7 15. Nf3
a5 16. Rb1 axb4 17. axb4 d5 18. Ng5 Qc8 19. Bxg6 fxg6 20. Qxg6 d4 21. Ne2 Qxc4
22. Nxd4 Bxb4+ 23. Kf2 Ra2+ 24. Rb2 Bd5 25. Kg3 Bc3 26. Rxa2 Qxa2 27. Ndf3 Qa4
28. Qd3 Rc8 29. Rd1 b5 30. Kh2 Ng4+ 31. Kg1 Nf6 32. Kh2 Qc4 33. Qxc4 bxc4 34.
Kg3 Ra8 35. Bd2 Bb2 36. e4 Nxe4+ 37. Nxe4 Bxe4 0-1

[Event "Aeroflot Open 2006"]
[Site "Moscu RUS"]
[Date "2006.02.16"]
[Round "9.16"]
[White "Balogh, Csaba"]
[Black "Sakaev, Konstantin"]
[Result "1-0"]
[WhiteElo "2561"]
[BlackElo "2649"]
[PlyCount "116"]
[EventDate "2006.02.08"]
[EventType "swiss"]
[EventRounds "9"]
[EventCountry "RUS"]
[Source "lmi"]
[SourceDate "2006.02.18"]

1. e4 c5 2. Nf3 d6 3. d4 cxd4 4. Nxd4 Nf6 5. Nc3 a6 6. Be3 Ng4 7. Bg5 h6 8. Bh4
g5 9. Bg3 Bg7 10. Be2 h5 11. Nf5 Bxf5 12. exf5 h4 13. Bxh4 Qa5 14. Bxg5 Nxf2
15. Kxf2 Qxf5+ 16. Bf3 Qxg5 17. Qd5 Qxd5 18. Nxd5 Kd8 19. c3 Nd7 20. a4 e6 21.
Ne3 d5 22. a5 Ne5 23. Be2 Rc8 24. Nc2 Nc4 25. Ra4 Nd6 26. Bd3 Ke7 27. h4 Bf6
28. g3 Rc5 29. Re1 Kd7 30. Nd4 Bd8 31. Nb3 Rc8 32. Rb4 Bc7 33. Rg4 Bb8 34. Rh1
Ke7 35. Rb4 Bc7 36. g4 Rcg8 37. Kf3 Kd7 38. c4 dxc4 39. Bxc4 Ke7 40. Bd3 Bb8
41. Nc5 f6 42. Ne4 Bc7 43. Nxd6 Kxd6 44. Rxb7 Rb8 45. Bxa6 Rxb7 46. Bxb7 Bxa5
47. h5 Kc7 48. Be4 Bd2 49. Rd1 Bg5 50. b4 Rb8 51. Rd4 Rb6 52. Bd3 Rb8 53. b5
Rb6 54. Ke4 Bh6 55. Ra4 Rd6 56. Ra7+ Kd8 57. Bc4 Bc1 58. Ra6 f5+ 1-0